000
00317nam a2200133Ia 4500
100
_a
Mcleish John
942
_c
BK
654
_a
MATHEMATICS
245
_a
The story of Numbers : How mathematics has shaped civilization
260
_b
Fawcett
_a
New York
_c
1991
300
_a
266
546
_a
ENGLISH
999
_c
30895
_d
30895